| 000 | 00690nam a2200241 a 4500 | ||
|---|---|---|---|
| 008 | |||
| 020 | _a0136659683 (pbk.) | ||
| 049 | _aMAIN | ||
| 090 | _aQD453.2 MOO | ||
| 100 | 1 | _aMoore, Walter J. | |
| 245 | 1 | 0 |
_aPhysical chemistry / _cWalter J. Moore. |
| 250 | _a4th ed. | ||
| 260 |
_aNew Jersey : _bPrentice-Hall, _c1972 |
||
| 300 |
_axiii, 977 p. : _bill. ; _c24 cm. |
||
| 500 | _aIncludes index. | ||
| 504 | _aIncludes bibliographical references. | ||
| 650 | 0 | _aChemistry, Physical and theoretical. | |
| 907 |
_a.b10249254 _b17-08-07 _c17-08-07 |
||
| 003 | |||
| 005 | 20230123134502.0 | ||
| 040 | _cNUST | ||
| 942 |
_cBOOKS _kQD453.2 MOO |
||
| 999 |
_c166762 _d166762 |
||